Calcareous deposits of southwestern British Columbia, by W. H. Mathews and J. W. McCammon. (Record no. 29201)
[ view plain ]
| 000 -LEADER | |
|---|---|
| fixed length control field | 00863cam a22002411 4500 |
| 001 - CONTROL NUMBER | |
| control field | gs 58000019 |
| 003 - CONTROL NUMBER IDENTIFIER | |
| control field | DLC |
| 005 - DATE AND TIME OF LATEST TRANSACTION | |
| control field | 20260227111406.0 |
| 008 - FIXED-LENGTH DATA ELEMENTS--GENERAL INFORMATION | |
| fixed length control field | 811020s1957 bccb b 001 0 eng c |
| 010 ## - LIBRARY OF CONGRESS CONTROL NUMBER | |
| LC control number | gs 58000019 |
| 035 ## - SYSTEM CONTROL NUMBER | |
| System control number | (OCoLC)7861536 |
| 040 ## - CATALOGING SOURCE | |
| Original cataloging agency | U.S. Geol. Survey Libr. |
| Transcribing agency | MoU |
| Modifying agency | DLC |
| 042 ## - AUTHENTICATION CODE | |
| Authentication code | premarc |
| 050 00 - LIBRARY OF CONGRESS CALL NUMBER | |
| Classification number | TN27 |
| Item number | .B72 no. 40 |
| 100 1# - MAIN ENTRY--PERSONAL NAME | |
| Personal name | Mathews, William Henry, |
| Dates associated with a name | 1919- |
| 245 10 - TITLE STATEMENT | |
| Title | Calcareous deposits of southwestern British Columbia, by W. H. Mathews and J. W. McCammon. |
| 260 ## - PUBLICATION, DISTRIBUTION, ETC. | |
| Place of publication, distribution, etc. | Victoria, |
| Name of publisher, distributor, etc. | D. McDiarmid, printer to the Queen, |
| Date of publication, distribution, etc. | 1957. |
| 300 ## - PHYSICAL DESCRIPTION | |
| Extent | 105 p. |
| Other physical details | maps (3 fold. (1 col.) in pocket) diagrs., tables |
| Dimensions | 27 cm. |
| 504 ## - BIBLIOGRAPHY, ETC. NOTE | |
| Bibliography, etc. note | Bibliography: p. 16-18. |
| 650 #0 - SUBJECT ADDED ENTRY--TOPICAL TERM | |
| Topical term or geographic name entry element | Limestone |
| Geographic subdivision | British Columbia. |
| 700 1# - ADDED ENTRY--PERSONAL NAME | |
| Personal name | McCammon, James Williams, |
| Dates associated with a name | 1916- |
| 810 1# - SERIES ADDED ENTRY--CORPORATE NAME | |
| Corporate name or jurisdiction name as entry element | British Columbia. |
| Subordinate unit | Department of Mines. |
| Location of meeting | Bulletin ; |
| Volume/sequential designation | no. 40. |
No items available.